000 00659nam a2200241Ia 4500
003 OSt
005 20220924122524.0
006 a|||||r|||| 00| 0
007 ta
008 220923b |||||||| |||| 00| 0 urd d
020 _c5.00
024 _a267848
037 _cTextual
040 _aARTS
_cARTS
_burd
041 _2urd
_aurd
082 _aO168,1L97,1:g, G0
100 _aHaider Sayed Ali Au.
_9189756
245 0 _aSharah deewan-e-Ghalib Urdu
260 _aLuckhnow
_bAnwaral Matabe India
_c1930
650 _aURDU POETRY
942 _hO168,1L97,1:g, G0
_cTEXL
_2CC
999 _c411949
_d411949